LEADER 05459nam0 2200877 i 450 001 BVEE012340 005 20170908093156.0 012 $au-i- I.a- qcet pdin (7) 1537 (R)$2fei$9C. 13 non segnata 100 $a20140114d1537 ||||0itac50 ba 101 | $alat 102 $ade 181 1$6z01$ai $bxxxe 182 1$6z01$an 200 1 $a˜D. Gregorii episcopi Nysseni œDe creatione hominis liber, supplementum Hexamerōn Basilij Magni fratris, interprete Dionysio Romano Exiguo 205 $a Nunc primum typis excusus. Item alia eiusdem authoris opera quorum catalogum proxima pagella reperies. Cum indice locupletissimo 210 $aColoniae$cex officina Melchioris Nouesiani$d1537. Mense Martio$eColoniae$gin aedibus Melchioris Nouesiani$hmense Martio 1537 215 $a\10!, XCIII \i. e. 94! c.$d2º 300 $aElencate sul v. del front. altre opere dell'A., di Basilius Magnus e di Gregorius Nazianzenus a cura di Georgius Trapeziuntus, Joannes Conon Norimontanus e Iohannes Oecolampadius 300 $aA cura di Jan von Bronkhorst, il cui nome appare nella pref 300 $aMarca (H26) sul front 300 $aCors. ; gr. ; rom 300 $aSegn.: a⁶b⁴A-O⁶P⁴Q⁶. Le c. finali numerate erroneamente 300 $aIniziali xil. 316 $a1 v. (Legato con Pauli Cortesii sacrarum literarum)$5IT-NA0079, V.F. 163 F 22 500 10$aDe opificio hominis$3BVEE012341$9CFIV019102$916273 700 0$aGregorius : Nyssenus$3CFIV019102$4070$0330452 702 1$aBronkhorst$b, Jan : van$f <1494-1570>$3BVEV017419 702 0$aGeorgius : Trapezuntius$3BVEV020188 702 1$aNorimontanus$b, Joannes Conon$f $3BVEV036593 702 0$aBasilius : Magnus$c $3CFIV046987 702 1$aOecolampadius$b, Iohannes$f <1482-1531>$3SBLV124818 702 0$aDionysius : Exiguus$3UBOV121938 712 02$aMelchior von Neuss$3BVEV018756$4650 790 1$aNoviomagus$b, Iohannes$3BVEV021494$zBronkhorst, Jan : van <1494-1570> 790 1$aTrapezuntius$b, Georgius$3BVEV051744$zGeorgius : Trapezuntius 790 0$aGeorges : de Trébizonde$3CFIV165088$zGeorgius : Trapezuntius 790 0$aGiorgio : di Trebisonda$3CFIV205539$zGeorgius : Trapezuntius 790 0$aGiorgio : da Trebisonda$3RMLV034378$zGeorgius : Trapezuntius 790 0$aGiorgio : Trapezunzio$3SBNV042911$zGeorgius : Trapezuntius 790 0$aJorge Ameruzes : de Trebisonda$3TO0V432931$zGeorgius : Trapezuntius 790 0$aGregorio : di Nissa$c $3CFIV019104$zGregorius : Nyssenus 790 0$aGregorio di Nissa$c $3CFIV019107$zGregorius : Nyssenus 790 0$aGregorius : Nyssenus$c $3CFIV019108$zGregorius : Nyssenus 790 0$aGrégoire : de Nysse$c $3CFIV080796$zGregorius : Nyssenus 790 0$aGregor : von Nyssa$3MILV328217$zGregorius : Nyssenus 790 0$aGregorios : von Nyssa$c $3UBOV964323$zGregorius : Nyssenus 790 0$aBasilio : di Cesarea$c $3CFIV042844$zBasilius : Magnus 790 0$aBasilius Magnus$c $3CFIV053620$zBasilius : Magnus 790 0$aBasile : de Césarée$c $3CFIV080817$zBasilius : Magnus 790 0$aBasilio : Magno$c $3CFIV167079$zBasilius : Magnus 790 0$aBasilio$c $3CFIV193671$zBasilius : Magnus 790 0$aBasilius : Caesariensis$3SBNV009195$zBasilius : Magnus 790 0$aBasilius : Caesariensis$c $3SBNV025069$zBasilius : Magnus 790 0$aBarsel : Kesaraci$3UBOV434746$zBasilius : Magnus 790 1$aOekolampad$b, Johannes$3PUVV341552$zOecolampadius, Iohannes <1482-1531> 790 1$aHusschin$b, Johannes$3SBNV041557$zOecolampadius, Iohannes <1482-1531> 790 1$aHausschein$b, Johann$3SBNV041558$zOecolampadius, Iohannes <1482-1531> 790 1$aEcolampadius$b, Johannes$3SBNV041559$zOecolampadius, Iohannes <1482-1531> 790 1$aHusschyn$b, Johann$3SBNV041560$zOecolampadius, Iohannes <1482-1531> 790 1$aÖkolampadius$b, Johannes$3SBNV041561$zOecolampadius, Iohannes <1482-1531> 790 1$aHussgen$b, Johann$3SBNV041562$zOecolampadius, Iohannes <1482-1531> 790 0$aDionysius Exiguus$3AUFV001102$zDionysius : Exiguus 790 0$aDionysios$3AUFV001103$zDionysius : Exiguus 790 0$aDenys : le Petit$3AUFV001104$zDionysius : Exiguus 790 0$aDionigi : il Piccolo$3AUFV001105$zDionysius : Exiguus 790 0$aDionisius : Exiguus$3AUFV001106$zDionysius : Exiguus 801 3$aIT$bIT-NA0079$c20140114 850 $aIT-NA0079 899 1$aBiblioteca Nazionale Vittorio Emanuele III$bNA0079$41 esemplare$eS$uhttp://books.google.com/books?vid=IBNN:BNVA1001529242 912 $aBVEE012340 921 $aBVEM000942$bIn edicola: scudo con al centro una freccia che punta verso il basso, sulla quale è attorcigliato un serpente. Motto: Festina lente. In alto: Melch. Nov.$cH26$cG271$dSul front. 950 0$aBiblioteca Nazionale Vittorio Emanuele III$c1 v.$d BNV.F. 163 F 22$e BNVA10015292425 B (0001 1 v. (Legato con Pauli Cortesii sacrarum literarum)$fC $h20140114$i20140114 956 $aBiblioteca Nazionale Vittorio Emanuele III$b1$c $d $eBNVA1001529242$uhttp://books.google.com/books?vid=IBNN:BNVA1001529242$z BNV.F. 163 F 22 977 $a BN 996 $aDe hominis opificio$916273 997 $aUNISANNIO LEADER 00736nam0-22002891i-450- 001 990002558960403321 035 $a000255896 035 $aFED01000255896 035 $a(Aleph)000255896FED01 035 $a000255896 100 $a20000920d1963----km-y0itay50------ba 101 0 $aENG 200 1 $aBoolean Algebra$fR.L. Goodstein 210 $aOxford$cPergamon Press$d1963 215 $avi, 140 p.$d22 cm 610 0 $aInsiemi 610 0 $aStrutture algebriche 676 $a516 700 1$aGoodstein,$bR.l.$0880 801 0$aIT$bUNINA$gRICA$2UNIMARC 901 $aBK 912 $a990002558960403321 952 $aMXXV-A-153$b$b2607$fMAS 959 $aMAS 996 $aBoolean algebra$9381193 997 $aUNINA DB $aING01 LEADER 01514nam0-2200313---450 001 9910327060303321 005 20250314100155.0 100 $a20190702d1864----km-y0itay50------ba 101 0 $afre 102 $aFR 105 $aa-------001yy 200 1 $aNouveaux lments de botanique contenant l'organographie, l'anatomie, la physiologie vegetales et les caractres de toutes les familles naturelles$fpar Achille Richard 205 $a9me d. augmente de notes complmentaires$fpar Charles Martins 210 $aParis$cF. Savy$d1864 215 $aVII, 661 p.$cill.$d19 cm 317 $aTimbro ovale: "R. Orto Botanico di Napoli Biblioteca Tenoreana" sul front.$5IT-NA0338: B VII 62 321 1 $aPritzel$b1872$c7594$uhttps://books.google.it/books?id=_FnAgYaaY0AC&printsec=frontcover&hl=it&source=gbs_ge_summary_r&cad=0#v=onepage&q=richard&f=false 451 0$10019910328658903321 451 0$1001990001797590403321 700 1$aRichard,$bAchille$0357030 702 1$aMartins,$bCharles Frederic$f<1806-1889> 801 0$aIT$bUNINA$gREICAT$2UNIMARC 856 4 $zVisualizza la versione elettronica in Biodiversity Heritage Library$uhttps://www.biodiversitylibrary.org/item/46739#page/11/mode/1up$e20190802 901 $aBK 912 $a9910327060303321 952 $aB VII 62$b1883$fDBV 959 $aDBV 996 $aNouveaux lments de botanique contenant l'organographie, l'anatomie, la physiologie vegetales et les caractres de toutes les familles naturelles$91559135 997 $aUNINA